000 00918am a2200301a 44500
003 AR-BaBNM
005 20251128211128.0
008 262120s2000 #AR|||||||||||000 | spa||
040 _cAR-BaBNM
100 1 _aUchida, Reiko
245 1 0 _aWe go beyond
_byouths sharing thoughts on life and the world with message by Reiko Uchida
250 _a1ª ed.
260 _aTokyo
_bArt Village
_c2000
300 _a168 p.
500 _aContiene una selección de cartas enviadas a la autora desde organismos educativos de todo el mundo en p. 117
650 4 _aRELACIONES INTERPERSONALES
650 4 _aEDUCACION FAMILIAR
650 4 _aINFLUENCIA FAMILIAR
650 4 _aADOLESCENCIA
650 4 _aPSICOLOGIA DEL ADOLESCENTE
650 4 _aEDUCACION MORAL
650 4 _aJUVENTUD
650 4 _aESPIRITUALISMO
651 4 _aJapón
700 1 _aSatoru Simon, Elon
_ecompilador
942 _cBK
998 _cmartin
999 _c18358
_d18358